| 000 | 00918nam a2200241 a 4500 | ||
|---|---|---|---|
| 001 | BRCA_1250 | ||
| 005 | 20190320203340.0 | ||
| 008 | 861211s1949 mx-a---###---#000-0#spa-# | ||
| 050 | 4 |
_aN8050 _b.C26 1949 |
|
| 100 | 1 |
_aCarrillo y Gariel, Abelardo _91363 |
|
| 245 | 1 | 0 |
_aEl Cristo de Mexicaltzingo _btécnica de las esculturas en caña _cAbelardo Carrillo y Gariel |
| 260 |
_aMéxico _bDirección de Monumentos Coloniales _c1949 |
||
| 300 |
_a88 p. _bil. _c24 cm _eportafolio con 22 láminas, 39 cm. |
||
| 500 | _aIncluye índice de ilustraciones | ||
| 600 | 1 | 4 |
_aJesucristo _xArte _92253 |
| 610 | 2 | 4 |
_aMexicaltzingo _bSan Marcos (Iglesia) _zMéxico _94120 |
| 650 | 1 | 4 |
_aEscultura _xHistoria _zMéxico _94121 |
| 650 | 1 | 4 |
_aManuscritos mexicanos _9781 |
| 650 | 1 | 4 |
_aLengua náhuatl _xtextos _94122 |
| 653 | 0 | _aPasta de caña | |
| 710 | 2 |
_aMéxico _bDirección de Monumentos Coloniales de la República _94123 |
|
| 942 |
_2lcc _cB |
||
| 999 |
_c1120 _d1120 |
||